[Event "Kolobrzeg op 14th"]
[Site "Kolobrzeg"]
[Date "2013.07.03"]
[Round "3.4"]
[White "Kramer, Norbert"]
[Black "Zatylny, Jan"]
[Result "1-0"]
[WhiteElo "1794"]
[BlackElo "1594"]
[PlyCount "73"]
[EventDate "2013.07.01"]
[EventType "swiss"]
[EventRounds "9"]
[EventCountry "POL"]
[SourceTitle "EXT 2023"]
[Source "ChessBase"]
[SourceDate "2022.10.05"]
[SourceVersion "1"]
[SourceVersionDate "2022.10.05"]
[SourceQuality "1"]

1. Nf3 d6 2. c4 e5 3. Nc3 c6 4. d3 h6 5. b3 Nf6 6. Bb2 Bg4 7. e3 Be7 8. Be2 0-0 9. Qc2 Bf5 10. 0-0 Nbd7 11. Rfd1 Qb8 12. Rac1 Rd8 13. Kh1 Nh7 14. Rg1 Ndf6 15. Nd2 Qc8 16. Qd1 d5 17. cxd5 cxd5 18. Nxd5 Qd7 19. Nxe7+ Qxe7 20. d4 e4 21. Rc5 Bg6 22. Qc2 Ng5 23. Rc1 Nd5 24. Ba3 Qf6 25. Kg1 a5 26. Qc4 Nb4 27. Bxb4 axb4 28. Rc2 Ne6 29. Rb5 Rac8 30. Qxc8 Rxc8 31. Rxc8+ Kh7 32. Rxb7 h5 33. Rbb8 Kh6 34. Rh8+ Kg5 35. Rb5+ Kh4 36. Rhxh5+ Bxh5 37. Rxh5# 1-0

[Event "POL-ch disabled"]
[Site "Rowy"]
[Date "2009.09.07"]
[Round "9.23"]
[White "Serbinowski, Mieczyslaw"]
[Black "Zatylny, Jan"]
[Result "1-0"]
[WhiteElo "1854"]
[BlackElo "1682"]
[PlyCount "67"]
[EventDate "2009.09.01"]
[EventType "swiss"]
[EventRounds "9"]
[EventCountry "POL"]
[SourceTitle "EXT 2023"]
[Source "ChessBase"]
[SourceDate "2022.10.05"]
[SourceVersion "1"]
[SourceVersionDate "2022.10.05"]
[SourceQuality "1"]

1. e4 e6 2. d4 d5 3. Nc3 Bb4 4. Bd3 Ne7 5. Nge2 Nbc6 6. Be3 Ng6 7. a3 Be7 8. e5 0-0 9. g3 f5 10. f4 Re8 11. Qd2 a6 12. h4 h5 13. 0-0-0 b5 14. Kb1 b4 15. axb4 Bxb4 16. Nc1 a5 17. Be2 Nf8 18. Bxh5 g6 19. Be2 a4 20. h5 a3 21. b3 Ba6 22. N1a2 Qe7 23. Bxa6 Rxa6 24. hxg6 Nxg6 25. Rh6 Qg7 26. Rdh1 Raa8 27. Nxb4 Nxb4 28. Na2 Nxa2 29. Kxa2 Nf8 30. Qh2 Kf7 31. Qh4 Re7 32. Qh5+ Kg8 33. Rh8+ Qxh8 34. Qxh8+ 1-0

[Event "Wisla op"]
[Site "Wisla"]
[Date "2009.05.07"]
[Round "5"]
[White "Zatylny, Jan"]
[Black "Szymanski, Leszek"]
[Result "0-1"]
[WhiteElo "1685"]
[BlackElo "1847"]
[PlyCount "84"]
[EventDate "2009.05.04"]
[EventType "swiss"]
[EventRounds "11"]
[EventCountry "POL"]
[SourceTitle "EXT 2012"]
[Source "ChessBase"]
[SourceDate "2011.11.24"]
[SourceVersion "1"]
[SourceVersionDate "2011.11.24"]
[SourceQuality "1"]

1. d4 e6 2. c4 d5 3. e3 c6 4. Nf3 Be7 5. b3 Nd7 6. Bb2 f5 7. Bd3 Ngf6 8. 0-0 Ne4 9. Ne5 Nxe5 10. dxe5 0-0 11. f4 Bd7 12. Qe2 Bc5 13. Bd4 Qb6 14. Bxc5 Qxc5 15. cxd5 cxd5 16. Bxe4 dxe4 17. Qd2 Rfd8 18. Rc1 Qb6 19. Qe1 Be8 20. Nd2 Bb5 21. Rc3 Rac8 22. Rac1 Rxc3 23. Rxc3 Qa5 24. Rc2 Bd3 25. Rc1 Qxa2 26. Ra1 Qb2 27. Nc4 Bxc4 28. bxc4 Rd2 29. Qf1 Rxg2+ 30. Qxg2 Qxa1+ 31. Qf1 Qxf1+ 32. Kxf1 Kf7 33. Ke2 h6 34. h4 Kg6 35. Kd2 Kh5 36. Kc3 Kxh4 37. Kb4 g5 38. Kc5 gxf4 39. Kd6 fxe3 40. Kxe6 e2 41. Kf6 e1Q 42. e6 Qc3+ 0-1

[Event "Rowy op-A 17th"]
[Site "Rowy"]
[Date "2008.06.22"]
[Round "9.26"]
[White "Sklepinski, Artur"]
[Black "Zatylny, Jan"]
[Result "1-0"]
[WhiteElo "1877"]
[BlackElo "1764"]
[PlyCount "45"]
[EventDate "2008.06.14"]
[EventType "swiss"]
[EventRounds "9"]
[EventCountry "POL"]
[SourceTitle "EXT 2023"]
[Source "ChessBase"]
[SourceDate "2022.10.05"]
[SourceVersion "1"]
[SourceVersionDate "2022.10.05"]
[SourceQuality "1"]

1. d4 d5 2. c4 e6 3. Nc3 Nf6 4. Bg5 Be7 5. e3 Nbd7 6. Qc2 c6 7. Bd3 h6 8. Bh4 a6 9. Nf3 b5 10. cxd5 cxd5 11. 0-0 Bb7 12. a3 Rc8 13. Qe2 0-0 14. Rac1 Nh7 15. Bg3 f5 16. Ne5 Nxe5 17. Bxe5 Bf6 18. f4 Qd7 19. Na2 Bxe5 20. fxe5 Rxc1 21. Nxc1 Rc8 22. Nb3 Qe7 23. Nc5 1-0

[Event "Rowy op-A 17th"]
[Site "Rowy"]
[Date "2008.06.15"]
[Round "2.22"]
[White "Zatylny, Jan"]
[Black "Galicki, Ryszard"]
[Result "0-1"]
[WhiteElo "1764"]
[BlackElo "2026"]
[PlyCount "44"]
[EventDate "2008.06.14"]
[EventType "swiss"]
[EventRounds "9"]
[EventCountry "POL"]
[SourceTitle "EXT 2023"]
[Source "ChessBase"]
[SourceDate "2022.10.05"]
[SourceVersion "1"]
[SourceVersionDate "2022.10.05"]
[SourceQuality "1"]

1. d4 d5 2. c4 e5 3. e3 Nc6 4. cxd5 Qxd5 5. Nc3 Bb4 6. a3 Bxc3+ 7. bxc3 Qd6 8. Nf3 Nge7 9. Be2 0-0 10. 0-0 Ng6 11. e4 Bg4 12. d5 Bxf3 13. Bxf3 Na5 14. Qa4 b6 15. Qb4 c5 16. dxc6 Qxc6 17. Be3 Rac8 18. Rac1 Nc4 19. Rfd1 a5 20. Qb3 Nxe3 21. fxe3 a4 22. Qc2 b5 0-1